• 首页
  • 本馆介绍
  • 公告通知
  • 最新文献
  • 馆藏检索
  • 电子资源
  • 读者导购
  • 参考咨询
  • 我的图书馆
  • 登录
  • 详细信息显示
  • 放入我的书架
  • 预约/预借图书
  • 作者相关作品
  • 分类相关作品
  • 丛书相关作品
  • 出版社相关作品

书目信息

  • 表格格式
  • 工作单格式
  • 卡片格式
题名:
旅游生态学
    
 
作者: 章家恩 主编
分册:  
出版信息: 北京   化学工业出版社  2005
页数: 223页
开本: 26cm
丛书名:
单 册:
中图分类: F590.7
科图分类:
主题词: 旅游--生态学 , 旅游 , 生态学
电子资源:
ISBN: 7-5025-7651-7
000 00863nam0 2200265 450
001 003012741
005 20060104105349.0
010    @a7-5025-7651-7@dCNY36.00
035    @a003012741
100    @a20050119d2005 em y0chiy0110 ea
101 0  @achi
102    @aCN@b110000
105    @ay z 000yy
106    @ar
200 1  @a旅游生态学@Alv you sheng tai xue@f章家恩主编@Fzhang jia en zhu bian
210    @a北京@c化学工业出版社@d2005
215    @a223页@d26cm
330    @a本书介绍了旅游生态学的基本概念、学科属性、研究内容以及旅游生态学的基本研究方法,旅游生态系统的基本概念、组成、结构及其服务功能,一些基本的生态学和旅游科学的基础理论等方面的内容。
606 0  @a旅游@x生态学
606 0  @a旅游
606 0  @a生态学
690    @aF590.7@v4
701  0 @a章家恩@Azhang jia en@4主编
801  0 @aCN@bNLC@c20060105
905    @dF590.7@e129 @f5
    
    旅游生态学/章家恩主编.-北京:化学工业出版社,2005
    223页;26cm
    
    
    ISBN 7-5025-7651-7:CNY36.00
    本书介绍了旅游生态学的基本概念、学科属性、研究内容以及旅游生态学的基本研究方法,旅游生态系统的基本概念、组成、结构及其服务功能,一些基本的生态学和旅游科学的基础理论等方面的内容。
●
相关链接 在E读中查询图书 在五车中查询图书 在当当中查询图书 在豆瓣中查询图书


正题名:旅游生态学     索取号:F590.7/129         预约/预借

序号 登录号 条形码 馆藏地/架位号 状态 备注
1 0578331   205783311   第一样本阅览室/ [索取号:F590.7/129] 在馆    
2 0578332   205783320   密集书库/ [索取号:F590.7/129] 在馆    
3 0578333   205783339   第一借阅区/ [索取号:F590.7/129] 在馆    
4 0578334   205783348   第一借阅区/ [索取号:F590.7/129] 在馆    
5 0578335   205783357   第一借阅区/ [索取号:F590.7/129] 在馆    
6 0578336   205783366   第一借阅区/ [索取号:F590.7/129] 在馆    
7 0578337   205783375   密集书库/ [索取号:F590.7/129] 在馆    
8 0578338   205783384   密集书库/ [索取号:F590.7/129] 在馆    
9 0851008   208510084   密集书库/ [索取号:F590.7/129] 在馆    
10 0851009   208510093   密集书库/ [索取号:F590.7/129] 在馆    
11 0851010   208510100   密集书库/ [索取号:F590.7/129] 在馆    
12 0851011   208510119   密集书库/ [索取号:F590.7/129] 在馆    
13 0851012   208510128   第一借阅区/ [索取号:F590.7/129] 在馆    
唐山师范学院图书馆 欢迎您!
大连网信软件有限公司© 版权所有